TQM v a.s. Královopolská

V Královopolskej a.s. bol vypracovaný a postupne sa zavádza systém organizácie a riadenia akosti. Má prispieť ku konkurencieschopnosti výrobkov firmy. Popis nového organizačného modelu zabezpečenia akosti a skúsenosti s realizáciou.

Guardado en:
Detalles Bibliográficos
Autor principal: Vaněk, J.
Formato: Capítulo de libro
Lenguaje:checo
Materias:
Etiquetas: Agregar Etiqueta
Sin Etiquetas, Sea el primero en etiquetar este registro!

MARC

LEADER 00000naa a2200000 4500
001 r017514
005 20221213082606.3
041 0 |a cze 
044 |a CZ 
245 1 0 |a TQM v a.s. Královopolská  |c J. Vaněk 
520 |a V Královopolskej a.s. bol vypracovaný a postupne sa zavádza systém organizácie a riadenia akosti. Má prispieť ku konkurencieschopnosti výrobkov firmy. Popis nového organizačného modelu zabezpečenia akosti a skúsenosti s realizáciou. 
610 2 0 |a riadenie kvality 
610 2 0 |a systém riadenia kvality 
610 2 0 |a Královopolská, a.s. Brno 
610 2 0 |a modely organizačné 
610 2 0 |a konkurencieschopnosť 
610 2 0 |a TQM 
100 1 |a Vaněk, J.